| 000 | 00398nam a2200157Ia 4500 | ||
|---|---|---|---|
| 005 | 20250521032048.0 | ||
| 008 | 240331s9999 xx 000 0 und d | ||
| 020 | _a9559605305 | ||
| 082 |
_a302.2 _bWEE |
||
| 100 | _aWeerasuriya , M | ||
| 245 | 0 | _aYachaka sanniwedanaya | |
| 260 |
_aNugegoda _bA Literary Book _c1996 |
||
| 300 | _a152 p ., | ||
| 500 | _aA Sociological Commentary Book | ||
| 942 | _cL | ||
| 999 |
_c1098 _d1098 |
||